[Event "BCF-chT4 2223 (4NCL)"]
[Site "England"]
[Date "2023.04.29"]
[Round "9.103"]
[White "Sefton, Adam"]
[Black "Santosh Kumar, Darsh"]
[Result "1-0"]
[WhiteElo "1785"]
[BlackElo "1253"]
[PlyCount "61"]
[EventDate "2022.11.05"]
[EventType "team-swiss"]
[EventRounds "11"]
[EventCountry "ENG"]
[SourceTitle "EXT 2024"]
[Source "ChessBase"]
[SourceDate "2023.10.10"]
[SourceVersion "1"]
[SourceVersionDate "2023.10.10"]
[SourceQuality "1"]
[WhiteTeam "Guildford Young Guns"]
[BlackTeam "Cambridge University"]
[WhiteTeamCountry "ENG"]
[BlackTeamCountry "ENG"]

1. d4 Nf6 2. c4 g6 3. Nc3 Bg7 4. e4 d6 5. Nf3 0-0 6. h3 Nbd7 7. g4 c5 8. Be3 b6 9. d5 Bb7 10. Qd2 e6 11. Bf4 e5 12. Bg5 Re8 13. h4 Qc8 14. Rg1 a6 15. h5 Rf8 16. Bh6 Rb8 17. Nh4 Qd8 18. Nf5 Bh8 19. Nxd6 Bg7 20. Nf5 Bh8 21. Bxf8 Kxf8 22. Qh6+ Ke8 23. hxg6 fxg6 24. Nh4 Qe7 25. Nxg6 hxg6 26. Qxh8+ Kf7 27. Qh4 Rg8 28. Bh3 g5 29. Qg3 Ke8 30. Bg2 Qg7 31. Nd1 1-0

[Event "BCF-chT4 2223 (4NCL)"]
[Site "England"]
[Date "2023.03.25"]
[Round "7.75"]
[White "Haria Skuse, Ashwina"]
[Black "Santosh Kumar, Darsh"]
[Result "1-0"]
[WhiteElo "1431"]
[BlackElo "1253"]
[PlyCount "119"]
[EventDate "2022.11.05"]
[EventType "team-swiss"]
[EventRounds "11"]
[EventCountry "ENG"]
[SourceTitle "EXT 2024"]
[Source "ChessBase"]
[SourceDate "2023.10.10"]
[SourceVersion "1"]
[SourceVersionDate "2023.10.10"]
[SourceQuality "1"]
[WhiteTeam "She Plays To Win Lionesses"]
[BlackTeam "Cambridge University"]
[WhiteTeamCountry "ENG"]
[BlackTeamCountry "ENG"]

1. Nf3 Nf6 2. d4 g6 3. e3 Bg7 4. Be2 0-0 5. 0-0 d6 6. b3 Bf5 7. Bb2 Nbd7 8. Nbd2 a5 9. a4 Re8 10. Nh4 e6 11. Bf3 d5 12. Ba3 Ne4 13. Nxf5 exf5 14. c4 c6 15. Rc1 Ndf6 16. Re1 Rc8 17. Nb1 h6 18. Nc3 Kh7 19. Qd3 Qb6 20. Rb1 Qc7 21. Rec1 b6 22. cxd5 cxd5 23. Nb5 Qd7 24. Qe2 Rxc1+ 25. Rxc1 Rc8 26. Rc2 Rc6 27. Qd1 h5 28. Qc1 Rxc2 29. Qxc2 Kh6 30. Kf1 g5 31. Ke2 g4 32. Bxe4 fxe4 33. Qc7 Qxc7 34. Nxc7 Kg5 35. Be7 Kf5 36. Bxf6 Bxf6 37. Nxd5 Bd8 38. Kd2 Ke6 39. Nf4+ Kd6 40. Nxh5 f5 41. Ng7 Ke7 42. Nxf5+ Ke6 43. Nh6 Bc7 44. g3 Bd6 45. Nxg4 Bb4+ 46. Ke2 Kf5 47. Ne5 Ke6 48. h4 Kd5 49. h5 Be7 50. g4 Bf6 51. h6 Ke6 52. h7 Kd5 53. g5 Bg7 54. Ng6 Kd6 55. h8Q Bxh8 56. Nxh8 Ke6 57. d5+ Kxd5 58. g6 Ke6 59. g7 Kf6 60. g8Q 1-0

[Event "BCF-chT4 2223 (4NCL)"]
[Site "England"]
[Date "2023.01.07"]
[Round "3.132"]
[White "MacLeod, Andrew"]
[Black "Santosh Kumar, Darsh"]
[Result "1/2-1/2"]
[WhiteElo "1422"]
[BlackElo "1253"]
[PlyCount "68"]
[EventDate "2022.11.05"]
[EventType "team-swiss"]
[EventRounds "11"]
[EventCountry "ENG"]
[SourceTitle "EXT 2024"]
[Source "ChessBase"]
[SourceDate "2023.10.10"]
[SourceVersion "1"]
[SourceVersionDate "2023.10.10"]
[SourceQuality "1"]
[WhiteTeam "Celtic Tigers III"]
[BlackTeam "Cambridge University II"]
[WhiteTeamCountry "ENG"]
[BlackTeamCountry "ENG"]

1. d4 Nf6 2. c4 g6 3. Nc3 Bg7 4. e4 d6 5. Nf3 0-0 6. g3 Nbd7 7. Bg2 e5 8. d5 Nc5 9. Qe2 a5 10. 0-0 Re8 11. Ne1 Bd7 12. Nd3 Nxd3 13. Qxd3 c6 14. a4 Qc7 15. f4 Ng4 16. Qf3 Qb6+ 17. Kh1 Qd4 18. h3 Nf6 19. fxe5 dxe5 20. Bg5 Nh5 21. g4 Nf4 22. Bxf4 exf4 23. Qxf4 Rf8 24. Qc7 Rfd8 25. Qf4 Be8 26. Rad1 Qxc4 27. Qe3 cxd5 28. exd5 Bxa4 29. Nxa4 Qxa4 30. Qb6 Qd7 31. Rfe1 Ra6 32. Qb3 a4 33. Qb4 Bf8 34. Qe4 Bg7 1/2-1/2